000 01134nam a22002537a 4500
005 20240530110601.0
008 141102s2011 le gr 000 0dara d
020 _a9789953823782
040 _aEG-CaGPL
082 0 4 _221
_a956.9\
_bر ف
100 0 _aروزمارى سعيد زحلان
245 1 _aفلسطين و دول الخليج :
_bالعلاقات الفعلية /
_cروزمارى سعيد زحلان ؛ ترجمة عمر الايوبى ؛ مراجعة محمد شيا
300 _a175 ص ؛
_c24 سم
490 _aوقفية عبدالمحسن القطان للقضية الفلسطينية
650 0 4 _aالقضية الفلسطينية
650 0 4 _aالنزاع العربى الاسرائيلى
650 0 4 _aاتفاق اوسلو
651 0 4 _aالخليج العربى
_xالعلاقات الخارجية
_zفلسطين
651 0 4 _aفلسطين
_xالعلاقات الخارجية
_zالخليج العربى
700 0 _aعمر الايوبى
_eمترجم
700 0 _aمحمد شيا
_eمراجع
942 _2ddc
_cBK
999 _c62663
_d62663